Online
Catalog

Manual de filosofía aplicada para el autoaprendizaje / (Record no. 357)

MARC details
000 -CABECERA
campo de control de longitud fija 01929nam a2200265 a 4500
001 - NÚMERO DE CONTROL
campo de control 000000358
005 - FECHA Y HORA DE LA ÚLTIMA TRANSACCIÓN
campo de control 20240510073816.0
008 - DATOS DE LONGITUD FIJA--INFORMACIÓN GENERAL
campo de control de longitud fija 081126s2003 dr 000 0 spa d
020 ## - NÚMERO INTERNACIONAL ESTÁNDAR DEL LIBRO
Número Internacional Estándar del Libro 8495193116
020 ## - NÚMERO INTERNACIONAL ESTÁNDAR DEL LIBRO
Número Internacional Estándar del Libro 9788495193117
040 ## - FUENTE DE LA CATALOGACIÓN
Centro catalogador/agencia de origen DO-SdBNP
Lengua de catalogación spa
Centro/agencia transcriptor BNPHU
082 ## - NÚMERO DE LA CLASIFICACIÓN DECIMAL DEWEY
Número de clasificación 100
Número de documento/Ítem A347m
100 1# - ENTRADA PRINCIPAL--NOMBRE DE PERSONA
Nombre de persona Alcántara, Juan Féliz
9 (RLIN) 1207
245 10 - MENCIÓN DE TÍTULO
Título Manual de filosofía aplicada para el autoaprendizaje /
Mención de responsabilidad, etc. Juan Féliz Alcántara.
260 ## - PUBLICACIÓN, DISTRIBUCIÓN, ETC.
Lugar de publicación, distribución, etc. Santo Domingo :
Nombre del editor, distribuidor, etc. UAPA,
Fecha de publicación, distribución, etc. 2003.
300 ## - DESCRIPCIÓN FÍSICA
Extensión 165 p. ;
Dimensiones 28 cm.
490 1# - MENCIÓN DE SERIE
Mención de serie Autoaprendizaje
500 ## - NOTA GENERAL
Nota general Incluye bibliografía al final de los capítulos
505 2# - NOTA DE CONTENIDO CON FORMATO
Título Introducción --
-- Naturaleza de la filosofía --
-- ¿Qué es la filosofía? --
-- Definición de la filosofía --
-- El método de la filosofía --
-- El objeto material y el objeto formal de la filosofía --
-- Valor de la filosofía --
-- División de la filosofía --
-- Origen del conocimiento --
-- Filosofía, ciencia y religión --
-- Filosofía y religión --
-- Aportaciones de la antigüedad a la reflexión filosófica --
-- Sócrates --
-- Platón y los fundamentos en la filosofía política --
-- Aristóteles y la lógica formal --
-- La filosofía como expresión de una realidad --
-- Filosofía cristiana y medieval --
-- Pensamiento de San Agustín --
-- San Tomás de Aquino --
-- Fundamentos filosóficos de la modernidad --
-- Descartes y el racionalismo --
-- Confrontación entre el pensamiento político de Hobbes y Locke --
-- Kant y el idealismo crítico --
-- La filosofía en los siglos XIX y XX --
-- Augusto Comte y el positivismo --
-- La filosofía existencial --
-- Apéndice --
-- Respuestas a las preguntas y ejercicios de autoevaluación --
-- Bibliografía general.
590 ## - NOTA LOCAL (RLIN)
Nota local Inventariado, 2018 /LP
650 #0 - PUNTO DE ACCESO ADICIONAL DE MATERIA--TÉRMINO DE MATERIA
Término de materia o nombre geográfico como elemento de entrada Filosofía
9 (RLIN) 813
710 2# - PUNTO DE ACCESO ADICIONAL--NOMBRE DE ENTIDAD CORPORATIVA
Nombre de entidad corporativa o nombre de jurisdicción como elemento de entrada Universidad Abierta para Adultos (Santiago de los Caballeros, Republica Dominicana)
9 (RLIN) 71401
830 #0 - PUNTO DE ACCESO ADICIONAL DE SERIE-TÍTULO UNIFORME
Título uniforme Autoaprendizaje
9 (RLIN) 1208
910 ## - DATOS DE OPCIÓN DEL USUARIO (OCLC)
Datos de opción del usuario Validado. Control de calidad MFF
Holdings
Estado de retiro Estado de pérdida Restricciones de uso No para préstamo Código de colección Localización permanente Ubicación/localización actual Ubicación en estantería Fecha de adquisición Número de inventario Total de préstamos Signatura topográfica completa Código de barras Fecha visto por última vez Número de copia Precio válido a partir de Tipo de ítem Koha
      Préstamo en sala Dominicana de Servicio Biblioteca Nacional Pedro Henríquez Ureña Biblioteca Nacional Pedro Henríquez Ureña Depósito 15.07.2009 LF1   100 A347m 358-30 25.06.2020 e. 3 25.06.2020 Libros y folletos
    Préstamo interno Préstamo en sala Dominicana de Servicio Biblioteca Nacional Pedro Henríquez Ureña Biblioteca Nacional Pedro Henríquez Ureña Depósito 15.07.2009 LF1   100 A347m 358-40 25.06.2020 e. 4 25.06.2020 Libros y folletos
  Extraviado Préstamo interno Préstamo en sala Dominicana de Servicio Biblioteca Nacional Pedro Henríquez Ureña Biblioteca Nacional Pedro Henríquez Ureña Extraviado 15.07.2009 LF1   100 A347m 358-50 25.06.2020 e. 5 25.06.2020 Libros y folletos
      Préstamo restrigido Patrimonio Dominicano Biblioteca Nacional Pedro Henríquez Ureña Biblioteca Nacional Pedro Henríquez Ureña Depósito 15.07.2009 LF1   100 A347m 358-10 25.06.2020   25.06.2020 Libros y folletos
      Préstamo restrigido Patrimonio Dominicano Biblioteca Nacional Pedro Henríquez Ureña Biblioteca Nacional Pedro Henríquez Ureña Depósito 15.07.2009 LF1   100 A347m 358-20 25.06.2020 e. 2 25.06.2020 Libros y folletos

Powered by Koha